Keizai gakusha no hatsugen,

Saved in:
Bibliographic Details
Main Author: Shinohara, Miyohei, 1919-
Format: Book
Language:Japanese
Published: [Tōkyō] Nihon Keizai Shinbunsha [1967]
Series:Nikkei shinsho, 64
Subjects:
Tags: Add Tag
No Tags, Be the first to tag this record!
LEADER 00831nam a2200253 4500
001 007743373-4
005 20024617115958.0
008 900827s1967 ja a 000 0 jpn
010 |a 71801058 /J 
035 0 |a ocm22281848 
040 |a DLC  |c WaU  |d *YNH*  |d CStRLIN 
050 0 |a HB180.J3  |b S489 
100 1 |6 880-01  |a Shinohara, Miyohei,  |d 1919- 
245 1 0 |6 880-02  |a Keizai gakusha no hatsugen,  |c Shinohara Miyohei cho. 
260 |6 880-03  |a [Tōkyō]  |b Nihon Keizai Shinbunsha  |c [1967] 
300 |a 223 p.  |b illus.  |c 18 cm. 
490 0 |6 880-04  |a Nikkei shinsho,  |v 64 
650 0 |a Economics. 
880 1 |6 100-01  |a 篠原三代平,  |d 1919- 
880 1 0 |6 245-02  |a 経済学者の発言,  |c 篠原三代平著. 
880 |6 260-03  |a [東京]  |b 日本経済新聞社  |c [1967] 
880 0 |6 490-04  |a 日経新書,  |v 64 
988 |a 20021214 
906 |0 DLC